header

Green chemistry for environmental remediation (Record no. 78276)

MARC details
000 -LEADER
fixed length control field 01553nam a2200349 a 4500
082 04 - DEWEY DECIMAL CLASSIFICATION NUMBER
Classification number 577/.14
245 00 - TITLE STATEMENT
Title Green chemistry for environmental remediation
260 ## - PUBLICATION, DISTRIBUTION, ETC. (IMPRINT)
Place of publication Salem, Mass. :
Name of publisher Scrivener Pub. ;
Place of publication Hoboken, N.J. :
Name of publisher Co-published by John Wiley & Sons,
Year of publication c2012.
300 ## - PHYSICAL DESCRIPTION
Number of Pages xxi, 776 p. :
Other physical details ill.
505 0# - FORMATTED CONTENTS NOTE
Formatted contents note pt. 1. Green chemistry and societal sustainability -- pt. 2. Green lab technologies -- pt. 3. Green bio-energy sources -- pt. 4. Green solutions for remediation.
650 #0 - SUBJECT ADDED ENTRY--TOPICAL TERM
Topical Term Environmental chemistry
Topical Term Sustainable development.
Topical Term Environmental protection.
700 1# - ADDED ENTRY--PERSONAL NAME
Personal name Sanghi, Rashmi.
Personal name Singh, Vandana,
856 40 - ELECTRONIC LOCATION AND ACCESS
Uniform Resource Identifier http://site.ebrary.com/lib/rucke/Doc?id=10575666

No items available.

© 2026 Rongo University
Contact us: librarian | system librarian | Rongo university